000 00289 a2200145 4500
001 64075
040 _cAnchieta - Pituba
100 _aKahn, James
240 1 0 _aOs goonies
_lpor
245 1 0 _aOs goonies
300 _a240
362 0 _a2012
650 4 _aLiteratura juvenil
942 _cBK
999 _c64075
_d64075